Loading...
| Science - Biology | 0 | 10 | 1 | 2 | 95 | 35 | 86.90 | 0 | 4 | 0.00 | 0.00 |
| Science - Chemistry | 0 | 10 | 3 | 0 | 85 | 53 | 81.80 | 3 | 5 | 0.00 | 0.00 |
| Literature - British | 0 | 7 | 0 | 0 | 70 | 108 | 132.43 | 0 | 1 | 0.00 | 0.00 |
| Literature - American | 0 | 7 | 1 | 1 | 65 | 95 | 121.14 | 0 | 0 | 0.00 | 0.00 |
| Literature - World | 0 | 7 | 2 | 0 | 60 | 86 | 110.86 | 0 | 1 | 0.00 | 0.00 |
| Literature - European | 0 | 5 | 1 | 1 | 45 | 90 | 122.00 | 1 | 1 | 0.00 | 0.00 |
| Science - Physics | 0 | 5 | 1 | 2 | 45 | 66 | 112.60 | 0 | 0 | 0.00 | 0.00 |
| Science - Other | 0 | 3 | 0 | 1 | 30 | 71 | 99.33 | 0 | 1 | 0.00 | 0.00 |
| Fine Arts - Classical Music | 0 | 3 | 0 | 1 | 30 | 134 | 135.67 | 0 | 0 | 0.00 | 0.00 |
| Painting & Sculpture | 0 | 3 | 0 | 0 | 30 | 126 | 133.00 | 0 | 0 | 0.00 | 0.00 |
| Philosophy | 0 | 2 | 0 | 0 | 20 | 81 | 104.50 | 0 | 1 | 0.00 | 0.00 |
| Religion | 0 | 2 | 0 | 0 | 20 | 135 | 136.50 | 0 | 0 | 0.00 | 0.00 |
| Social Science | 0 | 2 | 1 | 0 | 15 | 100 | 112.00 | 0 | 0 | 0.00 | 0.00 |
| Fine Arts - Other | 0 | 2 | 1 | 0 | 15 | 99 | 111.00 | 0 | 1 | 0.00 | 0.00 |
| Mythology | 0 | 2 | 1 | 2 | 15 | 146 | 150.00 | 0 | 0 | 0.00 | 0.00 |
| Geography | 0 | 1 | 0 | 1 | 10 | 146 | 146.00 | 0 | 0 | 0.00 | 0.00 |
| Current Events | 0 | 0 | 1 | 0 | -5 | 0.00 | 0 | 0 | 0.00 | 0.00 |